000 002260000a22000970004500
100 1 _aSherchan, Renu
245 1 0 _aUna verdadera historia de éxito
300 _aNúm 42 (2000), Páginas 5
773 0 _tPaso a paso
942 _cANA
999 _c52521
_d52521